Para Schumacher (Record no. 11453)

MARC details
000 -CABECERA
campo de control de longitud fija 01006nam a2200289 4500
003 - IDENTIFICADOR DEL NÚMERO DE CONTROL
campo de control OSt
005 - FECHA Y HORA DE LA ÚLTIMA TRANSACCIÓN
campo de control 20260530113851.0
008 - DATOS DE LONGITUD FIJA--INFORMACIÓN GENERAL
campo de control de longitud fija 260420b1981 sp |||| |||| 00| 0 spa d
020 ## - NÚMERO INTERNACIONAL ESTÁNDAR DEL LIBRO
Número Internacional Estándar del Libro 847214223X
040 ## - FUENTE DE LA CATALOGACIÓN
Centro catalogador/agencia de origen ICI
Lengua de catalogación spa
Centro/agencia transcriptor ICI
050 ## - SIGNATURA TOPOGRÁFICA DE LA BIBLIOTECA DEL CONGRESO
Número de clasificación B29
Número de documento/Ítem K84
100 1# - ENTRADA PRINCIPAL--NOMBRE DE PERSONA
Nombre de persona Kumar, Satish,
9 (RLIN) 31215
245 10 - MENCIÓN DE TÍTULO
Título Para Schumacher
Mención de responsabilidad, etc. R. d. laing... y otros. ; con contribuciones de l. kohr y h. Henderson ; editado y presentado por satish kumar
264 #1 - PRODUCCIÓN, PUBLICACIÓN, DISTRIBUCIÓN, FABRICACIÓN Y COPYRIGHT
Nombre del de productor, editor, distribuidor, fabricante Blume,
Fecha de producción, publicación, distribución, fabricación o copyright c1981
Producción, publicación, distribución, fabricación y copyright Madrid :
300 ## - DESCRIPCIÓN FÍSICA
Extensión 222 páginas
336 ## - TIPO DE CONTENIDO
Término de tipo de contenido texto
Fuente rdacontent
337 ## - TIPO DE MEDIO
Nombre/término del tipo de medio sin medio
Fuente rdamedia
338 ## - TIPO DE SOPORTE
Nombre/término del tipo de soporte volumen
Fuente rdacarrier
610 ## - PUNTO DE ACCESO ADICIONAL DE MATERIA--NOMBRE DE ENTIDAD CORPORATIVA
Nombre de entidad corporativa o nombre de jurisdicción como elemento de entrada Schumacher, Ernst Friedrich,
Fecha del congreso/reunión o de la firma de un tratado 1911-1977
Subdivisión de forma Discursos, ensayos, conferencias
9 (RLIN) 31216
650 0# - PUNTO DE ACCESO ADICIONAL DE MATERIA--TÉRMINO DE MATERIA
Término de materia o nombre geográfico como elemento de entrada Política energética
9 (RLIN) 31217
650 0# - PUNTO DE ACCESO ADICIONAL DE MATERIA--TÉRMINO DE MATERIA
Término de materia o nombre geográfico como elemento de entrada Filosofía
9 (RLIN) 14906
650 0# - PUNTO DE ACCESO ADICIONAL DE MATERIA--TÉRMINO DE MATERIA
Término de materia o nombre geográfico como elemento de entrada Física |x Filosofía
9 (RLIN) 31218
650 0# - PUNTO DE ACCESO ADICIONAL DE MATERIA--TÉRMINO DE MATERIA
Término de materia o nombre geográfico como elemento de entrada Tecnología y civilización
9 (RLIN) 25877
700 ## - PUNTO DE ACCESO ADICIONAL--NOMBRE DE PERSONA
Nombre de persona Schumacher, Ernst Friedrich
9 (RLIN) 31219
700 1# - PUNTO DE ACCESO ADICIONAL--NOMBRE DE PERSONA
Nombre de persona Laing, R. D. |
Fechas asociadas al nombre 1927-
Forma completa/desarrollada del nombre (Ronald David),
9 (RLIN) 31220
942 ## - ELEMENTOS DE PUNTO DE ACCESO ADICIONAL (KOHA)
Fuente del sistema de clasificación o colocación Library of Congress Classification
Tipo de ítem Koha

No items available.